000 00306 a2200085 4500
020 _a9781864708875
100 _a Taku Hibino,Hibino Sekkei and Youji no Shiro
245 _aThe World Designed for Children: Complete Works of Hibino Sekkei Youji no Shiro and KIDS DESIGN LABO
260 _b‎ Images Shenyang
_c2024
999 _c13329
_d13329